Top 10 Largest Cities in Asia - Sudden Death - Statistics

General Stats
  • This quiz has been taken 78 times
  • The average score is 3 of 10
Answers on the Grid
Answers color-coded by a green-red scale on the quiz's grid according to % correct below.
Shanghai
Beijing
Karachi
Guangzhou
Mumbai
Shenzhen
Delhi
Istanbul
Dhaka
Tokyo
Manila
Lahore
Bangkok
Suzhou
Jakarta
Seoul
Ho Chi Minh City
Bengaluru
Dongguan
Chongqing
Nanjing
Tehran
Shenyang
Hanoi
Hong Kong
Baghdad
Chennai
Changsha
Wuhan
Tianjin
 
Answer Stats
Answer % Correct
Tokyo
68%
Delhi
49%
Shanghai
49%
Beijing
39%
Mumbai
39%
Istanbul
34%
Guangzhou
32%
Dhaka
17%
Karachi
12%
Shenzhen
2%
No matching quizzes found
Score Distribution
Percent of People with Each Score
Percentile by Number Answered
Your Score History
You have not taken this quiz